000 00455ntaaa2200181 4500
003 01
005 20251027201252.0
008 0714s1973 ag 01
040 _aAR-BaBN
_bspa
_cAR-BaBN
_eaacr
_dRIC
082 _a220.9300 Sc1
100 _aScazzocchio, Lea
_910844
245 _aManuscritos del Mar Muerto
250 _a1 ed. :
_bEdiciones Albe,
_c1960
300 _a223 p.
500 _abibliografía, lám.
650 _aArqueología
_95159
942 _cBK
999 _c7049
_d7049